000 00533cam a2200181 i 4500
005 20260304112904.0
008 250721s2006 xxu gr 000 0 eng d
020 _a131278398
082 1 4 _a660
_bF O G
100 1 _aFogler, H. Scott
_eAuthor.
245 1 0 _aElemants of Chimical Reaction engineering /
_cH. Scott Fogler.
250 _afourth edition.
264 3 1 _bPearson Education International,
_c2006.
_aunited state :
300 _a1080 page.
650 1 7 _aengineering.
942 _2ddc
_cBK
999 _c109768
_d109768